Представление документа в формате RUSMARC

ПолеНазваниеЗначение
  Тип записи a
  Библиографический уровень m
001 Контрольный номер RU/SLIB/B/208726645
005 Дата корректировки 20201206204008.5
010 Индекс ISBN __
a ISBN 5-247-01567-3
d Цена 36-00; 30-00
101 Язык документа __
a Язык текста rus
c Язык оригинала rus
200 Заглавие и сведения об ответственности 1_
a Заглавие Сооружение подводных трубопроводов
e Сведения, относящиеся к заглавию учеб. пособие для студентов вузов
f Первые сведения об ответственности Б. В. Самойлов [и др.]
b Общее обозначение материала Текст
210 Выходные данные __
a Место издания М.
c Издательство Недра
d Дата издания 1995
215 Физическое описание __
a Объем 304 с.
330 Аннотация __
a Аннотация Методы проектирования подводных трубопроводов, технологии их сооружения и организации работ. Особенности расчета сооружения и эксплуатации глубоководных трубопроводов, способы их укладки, ремонт. Требования к охране окружающей среды при строительстве и эксплуатации подводных трубопроводов.
606 Тематические рубрики __
a Основная рубрика Транспорт
606 Тематические рубрики __
a Основная рубрика Трубопроводный транспорт
610 Ключевые слова __
a Ключевые слова эксплуатация; земляные работы; монтаж; газопроводы; нефтегазопроводы; трубопроводы; подводные трубопроводы; технологии; проектирование; охрана окружающей среды; строительство; нефтепроводы; ремонт трубопроводов
686 Индексы других классификаций __
a Классификационный индекс 39.7я73
701 Альтернативная интеллектуальная ответственность _1
a Фамилия Самойлов
b Имя Б. В.
4 Код отношения 070
801 Источник записи _0
a Страна RU
b Организация Муниципальное бюджетное учреждение культуры "Централизованная библиотечная система" г. Сургут (Центральная городская библиотека им. А. С. Пушкина)
g Правила каталогизации КиК/Котельникова; КиК/Тесленко
801 Источник записи _1
a Страна RU
b Организация Муниципальное бюджетное учреждение культуры "Централизованная библиотечная система" г. Сургут (Центральная городская библиотека им. А. С. Пушкина)
g Правила каталогизации КиК/Котельникова; КиК/Тесленко
852 Данные о местонахождении __
j Шифр хранения 39.7я73
c Каталожный индекс 39.7я73
i Авторский знак С 63
901 Тип документа __
t Тип документа m
903 Характеристики (МАРС) __
a Дата передачи 20030618; 20020711
969 Тип издания __
a Тип издания учебное пособие
990 Данные о заказе (DOS) __
j Количество экземпляров (DOS) 2; 2
t N записи в КСУ для И/У (DOS) 200306; 200207